|
|
|
|
| LEADER |
01107nam a2200301 a 4500 |
| 001 |
3079024 |
| 003 |
BD-DhAAL |
| 008 |
090726s1996 enk b 000 1 eng d |
| 010 |
|
|
|a 97157767
|
| 020 |
|
|
|a 0140434151
|
| 040 |
|
|
|a DLC
|c DLC
|d BD-DhAAL
|
| 082 |
0 |
0 |
|a 823/.7
|2 21
|
| 100 |
1 |
|
|a Austen, Jane,
|d 1775-1817.
|
| 245 |
1 |
0 |
|a Emma /
|c Jane Austen ; edited with an introduction and notes by Fiona Stafford.
|
| 260 |
|
|
|a London ;
|a New York :
|b Penguin Books,
|c 1996.
|
| 300 |
|
|
|a xxv, 416 pages ;
|c 20 cm.
|
| 490 |
|
0 |
|a Penguin classics
|
| 504 |
|
|
|a Includes bibliographical references (p. 413-414).
|
| 541 |
1 |
|
|e 00011987
|
| 650 |
|
0 |
|a Young women
|x Fiction.
|
| 650 |
|
0 |
|a Female friendship
|v Fiction.
|
| 650 |
|
0 |
|a Fathers and daughters
|v Fiction.
|
| 651 |
|
0 |
|a England
|x Fiction.
|
| 700 |
1 |
|
|a Stafford, Fiona J.
|9 60326
|
| 852 |
4 |
|
|a Ayesha Abed Library
|j General Shelf.
|
| 942 |
|
|
|2 ddc
|c BK
|
| 999 |
|
|
|c 2970
|d 2970
|
| 952 |
|
|
|0 0
|1 0
|2 ddc
|4 0
|6 823_700000000000000_AUS
|7 0
|9 2685
|a BRACUL
|b BRACUL
|c GEN
|d 2009-08-18
|g 667.00
|l 25
|m 137
|o 823.7 AUS
|p 3010011987
|q 2026-06-02
|r 2026-05-20
|s 2026-05-20
|t 1
|w 2009-08-18
|y BK
|x $7.95
|